Personajes y temas barojianos : (Record no. 59369)
[ view plain ]
| 000 -LEADER | |
|---|---|
| campo de control de longitud fija | 01011nam a2200265 i 4500 |
| 001 - NÚMERO DE CONTROL | |
| campo de control | 59369 |
| 003 - IDENTIFICADOR DE NÚMERO DE CONTROL | |
| campo de control | ES-MaACL |
| 005 - FECHA Y HORA DE LA ÚLTIMA TRANSACCIÓN | |
| campo de control | 20250907063044.0 |
| 007 - CAMPO FIJO DE DESCRIPCIÓN FÍSICA--INFORMACIÓN GENERAL | |
| campo de control de longitud fija | t| |
| 008 - DATOS DE LONGITUD FIJA--INFORMACIÓN GENERAL | |
| campo de control de longitud fija | 031028s1986 sp ||||1| spa d |
| 020 ## - NÚMERO INTERNACIONAL ESTÁNDAR DEL LIBRO | |
| Número Internacional Estándar del Libro | 84-600-6708-4 |
| 100 1# - ENTRADA PRINCIPAL--NOMBRE DE PERSONA | |
| Nombre de persona | Elizalde, Ignacio, |
| Fechas asociadas al nombre | 1913- |
| 9 (RLIN) | 47009 |
| 245 10 - MENCIÓN DEL TÍTULO | |
| Título | Personajes y temas barojianos : |
| Resto del título | personalidad humana, personalidad literaria, el problema de España, los curas, los anarquistas, la mujer vasca, Navarra en su obra / |
| Mención de responsabilidad, etc. | Ignacio Elizalde. |
| 250 ## - MENCION DE EDICION | |
| Mención de edición | 2ª ed. |
| 260 ## - PUBLICACIÓN, DISTRIBUCIÓN, ETC. | |
| Lugar de publicación, distribución, etc. | [Bilbao] : |
| Nombre del editor, distribuidor, etc. | Universidad de Deusto, |
| Fecha de publicación, distribución, etc. | 1986. |
| 300 ## - DESCRIPCIÓN FÍSICA | |
| Extensión | 279 p. ; |
| Dimensiones | 23 cm. |
| 490 1# - MENCIÓN DE SERIE | |
| Mención de serie | Publicaciones de la Universidad de Deusto. Letras ; |
| Designación de volumen o secuencia | 4 |
| 500 ## - NOTA GENERAL | |
| Nota general | Índice. |
| 504 ## - NOTA DE BIBLIOGRAFÍA, ETC. | |
| Nota de bibliografía, etc. | Bibliografía: p. 265-269. |
| 600 14 - PUNTO DE ACCESO ADICIONAL DE MATERIA--NOMBRE DE PERSONA | |
| Nombre de persona | Baroja, Pío, |
| Fechas asociadas al nombre | 1872-1956- |
| Subdivisión general | Crítica e interpretación |
| 9 (RLIN) | 25756 |
| 710 2# - ENTRADA AGREGADA--NOMBRE DE ENTIDAD CORPORATIVA | |
| Nombre de entidad corporativa o nombre de jurisdicción como elemento de entrada | Universidad de Deusto. |
| 9 (RLIN) | 7172 |
| 830 1# - PUNTO DE ACCESO ADICIONAL DE SERIE-TÍTULO UNIFORME | |
| Título uniforme | Publicaciones de la Universidad de Deusto. Letras ; |
| Designación de volumen o secuencia | 4 |
| 9 (RLIN) | 230510 |
| 852 4# - LOCALIZACIÓN | |
| Ubicación | ES-MaACL |
| Número de control de estantería | L-11099 |
| Estatus retirado | Estado de pérdida | Estado de daño | No para préstamo | Biblioteca de origen | Biblioteca actual | Ubicación en estantería | Fecha de adquisición | Fuente de adquisición | Total de préstamos | Signatura topográfica completa | Código de barras | Visto por última vez | Precio de reemplazo | Tipo de ítem Koha |
|---|---|---|---|---|---|---|---|---|---|---|---|---|---|---|
| Biblioteca del Ateneo de Madrid | Biblioteca del Ateneo de Madrid | Depósito 2 | 17/01/2008 | L-11099 | 1062273 | 23/02/2023 | 23/02/2023 | Libro impreso |
